| 000 | 01035nam a22002537a 4500 | ||
|---|---|---|---|
| 005 | 20170719165753.0 | ||
| 010 | _a1617EN ENG-116838 | ||
| 020 |
_a9789332569911 _c579.00 |
||
| 035 | _aB-652120-129 | ||
| 035 | _aEN-100370 | ||
| 035 | _aB-666220 | ||
| 037 |
_adpl _bPragati |
||
| 082 | _a302 | ||
| 100 | _aBaron, Robert A. | ||
| 245 |
_aSocial Psychology / _cby Robert A. Baron [and] Nyla R. Branscombe |
||
| 260 |
_aNoida _bPearson _c2016 |
||
| 270 |
_a7th Floor, Knowledge Boulevard, Sector 62 _bNoida _e201309 (U.P.) India |
||
| 300 |
_axxv,481p. _c25cm(pbk) _bill. |
||
| 500 | _aincludes index | ||
| 700 | _aBranscombe, Nyla R. | ||
| 942 |
_2ddc _cEN _h301 _mBAR |
||
| 999 |
_c101972 _d101972 |
||